Countries in America - Statistics

General Stats
  • This quiz has been taken 24 times
  • The average score is 26 of 35
Answers on the Grid
Answers color-coded by a green-red scale on the quiz's grid according to % correct below.
Venezuela
Vatican
Uruguay
United States
Trinidad and Tobago
Suriname
St. Vincent and the Grenadines
St. lucia
St. Kitts and Nevis
Sierra Leone
São Tomé and the Principle
Samoa
Portugal
Peru
Paraguay
Panama
Palau
Nicaragua
Mexico
Marshall Islands
Maldives
Kazakhstan
Jamaica
Honduras
Haiti
Guyana
Guatemala
Grenada
Eswatini
El Salvador
Ecuador
East Timor
Dominican Republic
Dominica
Cuba
Costa Rica
Congo
Colombia
China
Chile
Canada
Bulgaria
Brunei
Brazil
Bolivia
Belize
Barbados
Bahamas
Argentina
Antigua and Barbuda
 
Answer Stats
Answer % Correct
United States
100%
St. Vincent and the Grenadines
92%
Trinidad and Tobago
92%
Venezuela
92%
St. Kitts and Nevis
85%
Suriname
85%
Uruguay
85%
Honduras
77%
Jamaica
77%
Mexico
77%
St. lucia
77%
Antigua and Barbuda
69%
Argentina
69%
Bahamas
69%
Belize
69%
Bolivia
69%
Brazil
69%
Canada
69%
Chile
69%
Colombia
69%
Costa Rica
69%
Cuba
69%
Dominican Republic
69%
El Salvador
69%
Guatemala
69%
Guyana
69%
Haiti
69%
Nicaragua
69%
Panama
69%
Paraguay
69%
Peru
69%
Barbados
62%
Dominica
62%
Ecuador
62%
Grenada
62%
No matching quizzes found
Score Distribution
Percent of People with Each Score
Percentile by Number Answered
Your Score History
You have not taken this quiz